Hasil mineral
| Main Author: | |
|---|---|
| Format: | Book |
| Published: |
Petaling Jaya :
Penerbit Pinang ,
1995
|
| Subjects: |
MARC
| LEADER | 00000cam a2200000 7i4500 | ||
|---|---|---|---|
| 001 | 0000008841 | ||
| 002 | 000009639 | ||
| 005 | 20000330.0 | ||
| 020 | |a 9830550192 | ||
| 090 | 0 | 0 | |a 338.09595 |b FAR |
| 100 | 0 | |a Faridah Taib | |
| 245 | 1 | 0 | |a Hasil mineral |c Faridah Taib |
| 260 | |a Petaling Jaya : |b Penerbit Pinang , |c 1995 | ||
| 300 | |a 32p. ; |c 29cm. | ||
| 650 | 0 | 0 | |a Juvenile literature |
| 999 | |a 046931 |b BUKU |c PINJAMAN |e PERPUSTAKAAN KOMUNITI CAW KOTA DAMANSARA | ||
| 999 | |a 052699 |b BUKU |c PINJAMAN |e PERPUSTAKAAN KOMUNITI PETALING JAYA | ||